<?xml version="1.0" encoding="UTF-8"?>
<collection xmlns="http://www.loc.gov/MARC21/slim">
<record>
  <controlfield tag="001">133370</controlfield>
  <controlfield tag="005">20240412150654.0</controlfield>
  <datafield tag="024" ind1="8" ind2=" ">
    <subfield code="2">sideral</subfield>
    <subfield code="a">138034</subfield>
  </datafield>
  <datafield tag="037" ind1=" " ind2=" ">
    <subfield code="a">ART-2014-138034</subfield>
  </datafield>
  <datafield tag="041" ind1=" " ind2=" ">
    <subfield code="a">spa</subfield>
  </datafield>
  <datafield tag="100" ind1=" " ind2=" ">
    <subfield code="a">Rubio Pastor, María Angeles</subfield>
    <subfield code="u">Universidad de Zaragoza</subfield>
    <subfield code="0">(orcid)0000-0002-0171-5417</subfield>
  </datafield>
  <datafield tag="245" ind1=" " ind2=" ">
    <subfield code="a">Construcción local del concepto de desarrollo sostenible. El caso de una reserva comunitaria en México</subfield>
  </datafield>
  <datafield tag="260" ind1=" " ind2=" ">
    <subfield code="c">2014</subfield>
  </datafield>
  <datafield tag="520" ind1="3" ind2=" ">
    <subfield code="a">El concepto de desarrollo sostenible, reconocido internacionalmente a lo largo de las últimas décadas, implica la preservación de nuestro medio natural sin comprometer el desarrollo socioeconómico de los territorios. Sin embargo, alcanzar este objetivo, que
puede ser común en su planteamiento, genera no pocas contradicciones en su realización práctica. Las sociedades de los distintos territorios definen su propio desarrollo en función del discurso teórico imperante, de las políticas públicas aplicadas, pero, ante todo, en función de la percepción, los valores y las costumbres de la población local. Así pues, se termina concretando un modelo de desarrollo a través de las prácticas de valoración y uso de los recursos naturales. El objetivo de este trabajo es hacer un análisis de las prácticas de uso del medio natural con el fin de descubrir una definición local del desarrollo sostenible. Para ello el análisis se centra en la Reserva Comunitaria de Santa Cruz de Tepetotutla, Estado de Oaxaca (México), por entender que aquí las políticas públicas y el nivel de desarrollo socioeconómico obligan a la población local a defender y preservar su medio ambiente, como principal factor de subsistencia.</subfield>
  </datafield>
  <datafield tag="506" ind1="0" ind2=" ">
    <subfield code="a">Access copy available to the general public</subfield>
    <subfield code="f">Unrestricted</subfield>
  </datafield>
  <datafield tag="540" ind1=" " ind2=" ">
    <subfield code="9">info:eu-repo/semantics/openAccess</subfield>
    <subfield code="a">by-nc</subfield>
    <subfield code="u">http://creativecommons.org/licenses/by-nc/3.0/es/</subfield>
  </datafield>
  <datafield tag="655" ind1=" " ind2="4">
    <subfield code="a">info:eu-repo/semantics/article</subfield>
    <subfield code="v">info:eu-repo/semantics/publishedVersion</subfield>
  </datafield>
  <datafield tag="710" ind1="2" ind2=" ">
    <subfield code="1">4012</subfield>
    <subfield code="2">650</subfield>
    <subfield code="a">Universidad de Zaragoza</subfield>
    <subfield code="b">Dpto. Direcc.Organiza.Empresas</subfield>
    <subfield code="c">Área Organización de Empresas</subfield>
  </datafield>
  <datafield tag="773" ind1=" " ind2=" ">
    <subfield code="g">VII, 20 (2014), 1-17</subfield>
    <subfield code="p">Delos (São José dos Pinhais)</subfield>
    <subfield code="t">Delos (São José dos Pinhais)</subfield>
    <subfield code="x">1988-5245</subfield>
  </datafield>
  <datafield tag="856" ind1="4" ind2=" ">
    <subfield code="s">450627</subfield>
    <subfield code="u">http://zaguan.unizar.es/record/133370/files/texto_completo.pdf</subfield>
    <subfield code="y">Versión publicada</subfield>
  </datafield>
  <datafield tag="856" ind1="4" ind2=" ">
    <subfield code="s">1982156</subfield>
    <subfield code="u">http://zaguan.unizar.es/record/133370/files/texto_completo.jpg?subformat=icon</subfield>
    <subfield code="x">icon</subfield>
    <subfield code="y">Versión publicada</subfield>
  </datafield>
  <datafield tag="909" ind1="C" ind2="O">
    <subfield code="o">oai:zaguan.unizar.es:133370</subfield>
    <subfield code="p">articulos</subfield>
    <subfield code="p">driver</subfield>
  </datafield>
  <datafield tag="951" ind1=" " ind2=" ">
    <subfield code="a">2024-04-12-13:59:00</subfield>
  </datafield>
  <datafield tag="980" ind1=" " ind2=" ">
    <subfield code="a">ARTICLE</subfield>
  </datafield>
</record>
</collection>